000 00589nam a2200253Ia 4500
005 20260121114056.0
008 008 260114s9999 xx 000 0 eng d
020 _a9783527601554
037 _aEBOOK
040 _aCRL
040 _beng
040 _cCRL
041 _2eng
041 _aeng
084 _qCRL
100 _aKambhampati
_9970558
245 0 _aProtein Microarray Technology
260 _bWiley
260 _c2004
856 _uhttps://onlinelibrary.wiley.com/doi/book/10.1002/3527601554
942 _cEBOOK
999 _c1549812
_d1549812